000 00275nam a22001217a 4500
008 170227b xxu||||| |||| 00| 0 eng d
041 _aeng
080 _a577
100 _a5
101 _aSHMB
245 _aANDERSON ESSENTIALS OF BIOCHEMISTRY
_cPRITHMAN.H.G
942 _2udc
_cBK
999 _c6319
_d6319